000 00485nam a2200169 4500
001 2180
005 20181127164714.0
010 0 0 _a
020 0 0 _a9788179929995
090 0 0 _a658.3 S1268s 2009
100 0 0 _aSadri, Jayashree
245 0 0 _aHuman resources management :
_bDecision making for organisational excellence /
_cJayashree Sadri.
_h
250 0 0 _a1st ed.
260 0 0 _aAhmedabad :
_bJaico Publishing House,
_c2009.
300 0 0 _axvi, 472 p.
650 0 0 _aHuman resources management
_x
999 _c1724
_d1724